000 00596nam a22001817a 4500
005 20251108170943.0
008 250721s1999 xx 000 0 ara d
082 1 4 _a214.2/طيب
100 1 _aالطيبي، عكاشة عبد المنان
245 1 0 _aالجفر و الفتن و أشراط الساعة الصغرى - و الوسطى - و الكبرى /
264 1 _aبيروت :
_bدار اليوسف،
_c1999.
300 _a191ص
650 1 7 _aالإسلام
650 1 7 _aالعقيدة الدينية
650 1 7 _aالحياة الآخرة
942 _2ddc
_cREF
999 _c52958
_d52958